Регионална библиотека "Любен Каравелов" - Русе

Смъртта на големите босове (Запис номер 66500)

MARC детайли
000 -Лидер
Контролно поле с фиксирана дължина 01693nam a2200409 c 4500
003 - Код на организацията, давaща контролен номер
Контролно поле BLK
005 - Дата и час на последна редакция
Контролно поле 20241029120040.0
008 - Елементи от данни с фиксирана дължина
fixed length control field 180408b bul|||||r ||||||| ||bul||
010 ## - Наследен системен номер
LC control number KNG00070798000
020 ## - Международен стандартен номер на книга ISBN
Международен стандартен номер на книга ISBN 978-954-340-040-9
-- издат.: Ню медиа груп
040 ## - Източник на каталожния запис
Идентификатор на билиотеката - собственик на записа BLK
041 ## - Код за език
Код за езика на текст/звукозапис или на отделно заглавие Български
Код за езика КДБФ Български
080 ## - УДК
Текстов определител УДК
УДК код - определител по УДК 343.22/.23
УДК определител (497.2)
УДК - код + определител 343.22/.23(497.2)
080 ## - УДК
Текстов определител УДК Политическо преследване. Терористични действия. Тероризъм - Атентати, политически убийства. Вж и 343.1 ; 343.3/.7
УДК код - определител по УДК 323.28
УДК определител (497.2)
УДК - код + определител 323.28(497.2)
100 1# - Редна дума - Автор
Автор Златков, Димитър
Авторска отговорност първи автор
R(LIN) 292979
139 ## - Редно поле
Редна дума Златков, Димитър
Авторски знак Злати - З 73
245 10 - Сведения за заглавието
Заглавие Смъртта на големите босове
Редно поле (дума) Димитър Златков.
257 ## - Страна на издаване
Страна на създаване/издаване България
260 ## - Област на издателските данни
-- София
Име на издателя, разпространителя и проч. Ню медиа груп
Година на издаване 2007
300 ## - Физическа характеристика
Страници 359 с.
Илюстрации и др. с ил.
Размери/Мащаб 21 см
380 ## - Жанр
Жанр Обществени науки
500 ## - Общи забележки
Забележка Офс. изд.
650 #4 - Допълнително описание по предмет – тема
Основно описание – тема или топоним Убийства - България
9 (RLIN) 256117
650 #4 - Допълнително описание по предмет – тема
Основно описание – тема или топоним Престъпления и престъпници - България
9 (RLIN) 271494
650 #4 - Допълнително описание по предмет – тема
Основно описание – тема или топоним Политически убийства - България
9 (RLIN) 258996
651 #4 - Допълнително описание по предмет - топоним
Географско понятие България
9 (RLIN) 241624
653 ## - Ключова дума – ненормативна
Ключова дума убийства
653 ## - Ключова дума – ненормативна
Ключова дума престъпност
653 ## - Ключова дума – ненормативна
Ключова дума престъпници
653 ## - Ключова дума – ненормативна
Ключова дума политически убийства
852 ## - Местоположение
Форматна сигнатура Цб 230870
856 4# - Електронен адрес и достъп
Електронен формат pdf - файл
Път до файла /url/
856 4# - Електронен адрес и достъп
Електронен формат pdf - файл
Път до файла /url/
942 ## - АРТИКУЛИ
Вид на библиотечния материал Книги
Скрит в OPAC Не
Koha issues (borrowed), all copies 3
944 ## - СЪЗДАВАНЕ И РЕДАКЦИЯ на ЗАПИСА
Създаване/Редакция Създаване
Дата на регистрацията/редакция 25.01.2007
Статус, дата на статуса Минев Младен
Служител, извършил регистрацията/редакцията 30530
944 ## - СЪЗДАВАНЕ И РЕДАКЦИЯ на ЗАПИСА
Създаване/Редакция Редакция
Дата на регистрацията/редакция 21.11.2014
Статус, дата на статуса ф /
Служител, извършил регистрацията/редакцията Людмила_Стоянова
999 ## - СИСТЕМНИ КОНТРОЛНИ НОМЕРА
Koha biblionumber 66500
Koha biblioitemnumber 66500
Наличности
Код за отписване Код за изгубен артикул Код за повреда Коз за рестрикции Код за отдаване Артикулен № Име на библиотеката - собственик Име на библиотеката, в която се намира в момента Статус (Текущо местоположение) Дата на вписване в системата Местоположение - отдел Цена в лева Инвентарен номер Систематично азбучна сигнатура Баркод Номер на екземпляра Цена в евро Служебна бележка Служебен тип на артикула
Изтеглен Не е изгубен Не е повреден без рестрикции заемане за дома 110269 Регионална библиотека "Любен Каравелов" Русе Регионална библиотека "Любен Каравелов" Русе Заемна - подръчен фонд 2007-01-25 Заемна - подръчен фонд 6.00 120000708845 П 343/З 76 120000708845 1 3.07 Дост: Pk Вид: Ф N: 2 Дата: 24.01.2007 Дата инв: 05.02.2018 Бележки инв: П2018 Книги
  Не е изгубен Не е повреден без рестрикции ползва се в читалня 110270 Регионална библиотека "Любен Каравелов" Русе Регионална библиотека "Любен Каравелов" Русе Хранилище 2007-11-13 Хранилище 6.00 120000719606 Цб 230870 120000719606 2 3.07 Дост: Dp Вид: Д N: 28 Дата: 20.06.2007 Книги
  Не е изгубен Не е повреден без рестрикции заемане за дома 110271 Регионална библиотека "Любен Каравелов" Русе Регионална библиотека "Любен Каравелов" Русе Заемна - подръчен фонд 2014-11-05 Заемна - подръчен фонд 6.00 120000781885 П 343/З 76 120000781885 3 3.07 Дост: DA Вид: А N: 24 Дата: 05.11.2014 Дата инв: 05.02.2018 Бележки инв: П2018 Книги
Vip Innovations Ltd, Rousse, Bulgaria 2025